000 00675nam a2200229Ia 4500
003 OSt
005 20220918191127.0
006 a|||||r|||| 00| 0
007 ta
008 220917b |||||||| |||| 00| 0 eng d
024 _a61,541
037 _cTextual
040 _aARTS
_cARTS
_beng
041 _2eng
_aeng
082 _aQ:23, 498L3
245 0 _aGrub Thob Brgyad BCU Rtsa Bzi' l Chos Skor
_b Four texts concerning the cult of the 84 Mahasiddhas from the library of the Ven A Pho Rin Po Che
260 _aNew Delhi
_bChophel
_c1973
300 _a100p.
_ccm.
650 _aRELIGION
942 _hQ:23, 498L3
_cTEXL
_2CC
999 _c188391
_d188391